[Event "37. Copenhagen Open (Politiken Cup)"]
[Site "Elsinore"]
[Date "2015.07.25"]
[Round "1"]
[White "Aabling Thomsen, Jakob"]
[Black "Madison, Sigurd"]
[Result "1-0"]
[WhiteElo "2333"]
[BlackElo "1853"]
[PlyCount "55"]
[EventDate "2015.07.25"]
[EventType "swiss"]
[EventRounds "10"]
[EventCountry "DEN"]
[Source "ChessBase"]
[SourceDate "2015.09.14"]

1. e4 g6 2. d4 d6 3. Nc3 Bg7 4. Be3 Nf6 5. f3 Nbd7 6. Qd2 h6 7. O-O-O Nb6 8. g4
Bd7 9. h4 c6 10. a4 a5 11. Qf2 Qc7 12. Nh3 Nc8 13. g5 Ng8 14. f4 e5 15. dxe5
dxe5 16. f5 gxf5 17. exf5 hxg5 18. hxg5 Bf8 19. Ne4 b6 20. Bc4 b5 21. Bxf7+
Kxf7 22. g6+ Ke8 23. f6 bxa4 24. Nhg5 Rxh1 25. f7+ Kd8 26. Ne6+ Ke7 27. Bg5+
Kxe6 28. fxg8=B# 1-0

[Event "37. Copenhagen Open (Politiken Cup)"]
[Site "Elsinore"]
[Date "2015.07.25"]
[Round "1"]
[White "Aagaard, Jacob"]
[Black "Hedin, Niclas"]
[Result "1-0"]
[WhiteElo "2506"]
[BlackElo "1922"]
[PlyCount "81"]
[EventDate "2015.07.25"]
[EventType "swiss"]
[EventRounds "10"]
[EventCountry "DEN"]
[Source "ChessBase"]
[SourceDate "2015.09.14"]

1. e4 e5 2. Nf3 Nc6 3. Bb5 a6 4. Ba4 Nf6 5. O-O Be7 6. d3 b5 7. Bb3 O-O 8. a4
b4 9. Nbd2 d6 10. c3 Na5 11. Bc2 bxc3 12. bxc3 c6 13. d4 Qc7 14. Re1 Rb8 15.
Qe2 Nd7 16. Bd3 Qa7 17. Ra2 Bf6 18. Ba3 c5 19. Nf1 Nc6 20. d5 Ne7 21. Ne3 g6
22. Nc4 Qc7 23. a5 Bg7 24. Rb2 Rxb2 25. Qxb2 f5 26. Ng5 Nf6 27. f3 fxe4 28.
fxe4 Bh6 29. Nf3 Bd7 30. Qb6 Qxb6 31. axb6 Bb5 32. Ncxe5 Rb8 33. Nc4 Kg7 34.
Nxd6 Bxd3 35. Bxc5 Nd7 36. Bd4+ Kg8 37. b7 Bf4 38. e5 Nxd5 39. g3 Bh6 40. e6
N7f6 41. Ba7 1-0

[Event "37. Copenhagen Open (Politiken Cup)"]
[Site "Elsinore"]
[Date "2015.07.25"]
[Round "1"]
[White "Agovic, Sejfo"]
[Black "Petersen, Martin Reib"]
[Result "0-1"]
[WhiteElo "1699"]
[BlackElo "2122"]
[PlyCount "84"]
[EventDate "2015.07.25"]
[EventType "swiss"]
[EventRounds "10"]
[EventCountry "DEN"]
[Source "ChessBase"]
[SourceDate "2015.09.14"]

1. e4 c6 2. d4 d5 3. Nd2 dxe4 4. Nxe4 Nd7 5. Ng5 Ngf6 6. Bd3 e6 7. Ne2 Bd6 8.
Bf4 Bxf4 9. Nxf4 Qa5+ 10. Qd2 Qxg5 11. O-O-O Nd5 12. g3 N7b6 13. Kb1 Nxf4 14.
gxf4 Qh6 15. Rhg1 Bd7 16. Qa5 Nd5 17. f5 O-O 18. c4 b6 19. Qa3 Nf4 20. Bc2 exf5
21. Qe7 Be6 22. b3 Ne2 23. Rg3 Nxg3 24. hxg3 Rfd8 25. g4 fxg4 26. Be4 Rd7 27.
Qb4 Rad8 28. Rh1 Bf5 29. Rxh6 Bxe4+ 30. Kb2 gxh6 31. Qd2 Kg7 32. d5 cxd5 33.
Qd4+ f6 34. cxd5 Bf3 35. Qb4 h5 36. Qa4 Bxd5 37. f4 Bf3 38. Qb5 Rd5 39. Qa6
R8d7 40. Qc8 g3 41. Qe8 g2 42. Qe3 Rd1 0-1

[Event "37. Copenhagen Open (Politiken Cup)"]
[Site "Elsinore"]
[Date "2015.07.25"]
[Round "1"]
[White "Alfven, Jorgen"]
[Black "Hillarp Persson, Tiger"]
[Result "0-1"]
[WhiteElo "1932"]
[BlackElo "2563"]
[PlyCount "110"]
[EventDate "2015.07.25"]
[EventType "swiss"]
[EventRounds "10"]
[EventCountry "DEN"]
[Source "ChessBase"]
[SourceDate "2015.09.14"]

1. d4 e6 2. c4 c5 3. Nf3 Nf6 4. Nc3 cxd4 5. Nxd4 a6 6. e4 Qc7 7. Be2 Bb4 8. Qc2
Nc6 9. Be3 Ne5 10. Bf4 Nd3+ 11. Bxd3 Qxf4 12. Nde2 Qc7 13. h3 O-O 14. a3 Bc5
15. b4 Ba7 16. O-O d6 17. Kh1 Bd7 18. f4 Rac8 19. Rad1 h6 20. Qb3 Bb8 21. Rc1
Rfd8 22. Nd1 Be8 23. Ne3 Qe7 24. Ng3 b5 25. cxb5 Rxc1 26. Rxc1 axb5 27. Qb2 Qa7
28. Nef1 Qb6 29. Qe2 Ba7 30. Nd2 Qe3 31. Qxe3 Bxe3 32. Ngf1 Bxf4 33. g3 Be5 34.
Rc2 Ra8 35. Nb1 g5 36. Kg2 h5 37. Nfd2 g4 38. h4 Bd4 39. Nb3 Bb6 40. Kf1 Kg7
41. Ke2 Bd7 42. N3d2 Ne8 43. Nf1 Kf6 44. Ne3 Ke5 45. Ng2 Nf6 46. Nf4 Ra7 47.
Rc3 Bd4 48. Rc2 Nxe4 49. Bxe4 Kxe4 50. Nxh5 Be5 51. Nd2+ Kf5 52. Nb1 Kg6 53.
Nf4+ Bxf4 54. gxf4 Kh5 55. Ke3 Kxh4 0-1

[Event "37. Copenhagen Open (Politiken Cup)"]
[Site "Elsinore"]
[Date "2015.07.25"]
[Round "1"]
[White "Alquist, Erik"]
[Black "Fjallheim, Elmar Reinert"]
[Result "1-0"]
[WhiteElo "2061"]
[BlackElo "1601"]
[PlyCount "131"]
[EventDate "2015.07.25"]
[EventType "swiss"]
[EventRounds "10"]
[EventCountry "DEN"]
[Source "ChessBase"]
[SourceDate "2015.09.14"]

1. e4 e6 2. d4 d5 3. Nc3 dxe4 4. Nxe4 Bd7 5. Nf3 Bc6 6. Bd3 Nd7 7. c3 Ngf6 8.
Nxf6+ Nxf6 9. Bf4 Be4 10. Be2 Be7 11. Qa4+ c6 12. Qb3 Nd5 13. Bg3 Qb6 14. O-O
Qxb3 15. axb3 O-O 16. Nd2 Bf5 17. Nc4 Rfd8 18. b4 a6 19. Na5 Rd7 20. Nb3 b5 21.
Ra3 Rda7 22. Rfa1 Bd8 23. Bf3 Bd3 24. Nc5 Bg6 25. Rxa6 Rxa6 26. Rxa6 Rxa6 27.
Nxa6 f5 28. Nc5 Kf7 29. Nd3 Kf8 30. Bd6+ Be7 31. Bxd5 exd5 32. Bxe7+ Kxe7 33.
Ne5 Be8 34. f4 Kd6 35. Kf2 Ke6 36. Kg3 h6 37. Kh4 Kf6 38. h3 g5+ 39. Kg3 Ke6
40. fxg5 hxg5 41. h4 gxh4+ 42. Kxh4 Kf6 43. Kg3 Kg5 44. Nf3+ Kg6 45. Kf4 Kf6
46. Ne5 Bh5 47. Nxc6 Be2 48. Ne5 Bf1 49. g3 Be2 50. Nd7+ Ke7 51. Nc5 Kf6 52.
Nb3 Bd1 53. Nd2 Bc2 54. Nf1 Bd3 55. Ne3 Be4 56. b3 Ke6 57. Kg5 Bd3 58. Ng2 Bc2
59. Nf4+ Kd6 60. Kf6 Be4 61. Nh5 Bc2 62. Ng7 f4 63. gxf4 Bxb3 64. Nf5+ Kc6 65.
Ke5 Bc2 66. Ne7+ 1-0

[Event "37. Copenhagen Open (Politiken Cup)"]
[Site "Elsinore"]
[Date "2015.07.25"]
[Round "1"]
[White "Andersen, Daniel"]
[Black "Walton, Alan J"]
[Result "0-1"]
[WhiteElo "1766"]
[BlackElo "2173"]
[PlyCount "32"]
[EventDate "2015.07.25"]
[EventType "swiss"]
[EventRounds "10"]
[EventCountry "DEN"]
[Source "ChessBase"]
[SourceDate "2015.09.14"]

1. c4 f5 2. Nf3 Nf6 3. g3 d6 4. d4 e6 5. Nc3 Be7 6. Bg2 O-O 7. Qc2 Nc6 8. O-O
e5 9. dxe5 dxe5 10. Rd1 Qe8 11. e4 Qh5 12. Bg5 fxe4 13. Nxe4 Bg4 14. Bxf6 gxf6
15. Ned2 f5 16. Rdc1 e4 0-1

[Event "37. Copenhagen Open (Politiken Cup)"]
[Site "Elsinore"]
[Date "2015.07.25"]
[Round "1"]
[White "Andersen, Morten"]
[Black "Jernselius, Kjell"]
[Result "1-0"]
[WhiteElo "2174"]
[BlackElo "1768"]
[PlyCount "119"]
[EventDate "2015.07.25"]
[EventType "swiss"]
[EventRounds "10"]
[EventCountry "DEN"]
[Source "ChessBase"]
[SourceDate "2015.09.14"]

1. c4 g6 2. g3 d6 3. Bg2 Bg7 4. Nc3 Nf6 5. e4 Nc6 6. Nge2 O-O 7. O-O a6 8. h3
Rb8 9. a4 Nb4 10. d4 Nc6 11. Be3 e5 12. Rc1 Ne8 13. c5 exd4 14. Nxd4 Nxd4 15.
Bxd4 Bxd4 16. Qxd4 Be6 17. f4 dxc5 18. Qxc5 Qd6 19. Qe3 b5 20. axb5 axb5 21.
Nd5 Bxd5 22. exd5 Qb6 23. Qxb6 Rxb6 24. b4 f5 25. Rfe1 Kf7 26. Rc5 Kf6 27. Bf1
Rf7 28. Rxe8 g5 29. Rxb5 Rd6 30. Re6+ Rxe6 31. fxg5+ Kxg5 32. dxe6 Re7 33. Bc4
Kf6 34. Rc5 h5 35. h4 Rg7 36. Kf2 Re7 37. Kf3 Rg7 38. b5 f4 39. Kxf4 Rg4+ 40.
Kf3 Rg7 41. Rxh5 c6 42. bxc6 Rc7 43. Rc5 Ke7 44. Bb3 Rc8 45. c7 Kd6 46. Rc3
Rf8+ 47. Kg2 Rc8 48. g4 Ke7 49. g5 Kd6 50. Kg3 Ke7 51. h5 Kd6 52. Kg4 Ke7 53.
h6 Kd6 54. h7 Ke7 55. Rf3 Ra8 56. Rf7+ Kd6 57. Rd7+ Ke5 58. Rd8 Ra5 59. e7 Ra1
60. e8=R# 1-0

[Event "37. Copenhagen Open (Politiken Cup)"]
[Site "Elsinore"]
[Date "2015.07.25"]
[Round "1"]
[White "Andersen, Rune Egede"]
[Black "Bakkejord, Odd Vidar"]
[Result "1-0"]
[WhiteElo "2028"]
[BlackElo "1482"]
[PlyCount "113"]
[EventDate "2015.07.25"]
[EventType "swiss"]
[EventRounds "10"]
[EventCountry "DEN"]
[Source "ChessBase"]
[SourceDate "2015.09.14"]

1. c4 Nf6 2. g3 e6 3. Bg2 Bb4 4. Nf3 Nc6 5. O-O O-O 6. d4 Be7 7. d5 exd5 8.
cxd5 Nb4 9. Nc3 d6 10. a3 Na6 11. b4 b6 12. Nd4 Bb7 13. Bb2 Qd7 14. Qd3 Rfc8
15. Nc6 Nb8 16. b5 a6 17. a4 Bf8 18. Rac1 Re8 19. h3 Bc8 20. Nd4 Re5 21. e4 Qe7
22. f3 Rg5 23. Nce2 Nh5 24. f4 Rg6 25. f5 Rh6 26. g4 Nf6 27. g5 Rh5 28. gxf6
Qxf6 29. Rxc7 Nd7 30. Qc2 Nc5 31. Nf4 Rh4 32. Nf3 Qd8 33. Nxh4 Qxc7 34. Qc3 Qe7
35. f6 Qxf6 36. Qxf6 gxf6 37. Bxf6 Bg7 38. Nh5 Bf8 39. Nf5 Nd7 40. Ne7+ Bxe7
41. Bxe7 Ne5 42. Bxd6 Nc4 43. Nf6+ Kg7 44. Be7 Ra7 45. d6 Ne5 46. Nd5 Ng6 47.
Bf6+ Kf8 48. Nxb6 Be6 49. bxa6 Ke8 50. e5 Rxa6 51. Bc6+ Kf8 52. d7 Bxd7 53.
Nxd7+ Kg8 54. Rb1 h5 55. Rb8+ Kh7 56. Be4 h4 57. Rh8# 1-0

[Event "37. Copenhagen Open (Politiken Cup)"]
[Site "Elsinore"]
[Date "2015.07.25"]
[Round "1"]
[White "Andreassen, Mikkel"]
[Black "Ragger, Markus"]
[Result "0-1"]
[WhiteElo "1954"]
[BlackElo "2688"]
[PlyCount "92"]
[EventDate "2015.07.25"]
[EventType "swiss"]
[EventRounds "10"]
[EventCountry "DEN"]
[Source "ChessBase"]
[SourceDate "2015.09.14"]

1. d4 Nf6 2. c4 g6 3. g3 c5 4. d5 b5 5. cxb5 a6 6. bxa6 Bg7 7. Nc3 O-O 8. Bg2
d6 9. Nf3 Nbd7 10. O-O Nb6 11. Nd2 Bxa6 12. Re1 Ra7 13. Rb1 Qa8 14. Nf1 Bc4 15.
b3 Bxd5 16. e4 Bc6 17. Qc2 Rc8 18. Ne3 e6 19. Bb2 d5 20. e5 Nfd7 21. Ng4 d4 22.
Bxc6 Qxc6 23. Ne4 Rxa2 24. Qc1 Nd5 25. Nd6 Nxe5 26. Nxe5 Qxd6 27. Bxd4 Qb8 28.
Nd7 Qa7 29. Bxg7 Kxg7 30. Rb2 Rxb2 31. Qxb2+ f6 32. Nxf6 Nxf6 33. Rxe6 Rf8 34.
Qe5 Rf7 35. g4 Qd7 36. g5 Qd1+ 37. Kg2 Qd5+ 38. f3 Qxe5 39. Rxe5 Nd7 40. Rd5
Kf8 41. f4 Ke7 42. Kf3 Rf8 43. h4 Rb8 44. Rd3 Nf8 45. Re3+ Ne6 46. h5 Rxb3 0-1

[Event "37. Copenhagen Open (Politiken Cup)"]
[Site "Elsinore"]
[Date "2015.07.25"]
[Round "1"]
[White "Antonsen, Mikkel"]
[Black "Ozcan, Guney"]
[Result "1-0"]
[WhiteElo "2469"]
[BlackElo "1903"]
[PlyCount "85"]
[EventDate "2015.07.25"]
[EventType "swiss"]
[EventRounds "10"]
[EventCountry "DEN"]
[Source "ChessBase"]
[SourceDate "2015.09.14"]

1. d4 Nf6 2. c4 e5 3. dxe5 Ng4 4. Bf4 Nc6 5. Nf3 Bb4+ 6. Nc3 Qe7 7. Qd5 d6 8.
exd6 cxd6 9. Qd2 O-O 10. e3 Bf5 11. Be2 Nf6 12. Bg5 Qe6 13. Bxf6 Qxf6 14. Rc1
Rfd8 15. O-O d5 16. cxd5 Ne7 17. Qd4 Bxc3 18. Rxc3 Nxd5 19. Qxf6 Nxf6 20. Nd4
Be4 21. f3 Bd5 22. a3 Rac8 23. Rfc1 Rxc3 24. Rxc3 g6 25. Kf2 Ne8 26. g4 f6 27.
Bc4 Kf7 28. e4 Bxc4 29. Rxc4 Ke7 30. Ke3 Rd7 31. Nb5 a6 32. Nc3 Nc7 33. Rxc7
Rxc7 34. Nd5+ Kd6 35. Nxc7 Kxc7 36. f4 Kd6 37. Kd4 b6 38. b3 h6 39. h4 Ke6 40.
f5+ gxf5 41. gxf5+ Kd6 42. h5 a5 43. a4 1-0

[Event "37. Copenhagen Open (Politiken Cup)"]
[Site "Elsinore"]
[Date "2015.07.25"]
[Round "1"]
[White "Ask, Josef"]
[Black "Holm, Henrik"]
[Result "1-0"]
[WhiteElo "2170"]
[BlackElo "1766"]
[PlyCount "43"]
[EventDate "2015.07.25"]
[EventType "swiss"]
[EventRounds "10"]
[EventCountry "DEN"]
[Source "ChessBase"]
[SourceDate "2015.09.14"]

1. e4 e6 2. d3 d5 3. Nd2 dxe4 4. dxe4 Nf6 5. e5 Nfd7 6. Ngf3 Be7 7. Ne4 O-O 8.
Bd3 b6 9. O-O Ba6 10. Bf4 Nc5 11. Nxc5 Bxc5 12. Bxh7+ Kh8 13. Be4 Bxf1 14. Qxf1
c6 15. Rd1 Qc8 16. g3 f5 17. Qh3+ Kg8 18. Ng5 Rd8 19. Qh7+ Kf8 20. Qh8+ Ke7 21.
Qxg7+ Ke8 22. Qf7# 1-0

[Event "37. Copenhagen Open (Politiken Cup)"]
[Site "Elsinore"]
[Date "2015.07.25"]
[Round "1"]
[White "Astrom, Lars"]
[Black "Skovgaard, Emil"]
[Result "1-0"]
[WhiteElo "2097"]
[BlackElo "1657"]
[PlyCount "77"]
[EventDate "2015.07.25"]
[EventType "swiss"]
[EventRounds "10"]
[EventCountry "DEN"]
[Source "ChessBase"]
[SourceDate "2015.09.14"]

1. e4 e5 2. Nf3 Nc6 3. Bc4 Nf6 4. d3 Bc5 5. O-O h6 6. c3 d6 7. Nbd2 O-O 8. h3
Bd7 9. Bb3 Qc8 10. Nh2 Ne7 11. Ndf3 Ng6 12. d4 exd4 13. cxd4 Bb4 14. Qd3 Nh5
15. Qc4 c5 16. a3 Ba5 17. Qd5 Ngf4 18. Bxf4 Nxf4 19. Qxd6 Bc7 20. Qxc5 Bxh3 21.
Rac1 Ne2+ 22. Kh1 Bxg2+ 23. Kxg2 Nf4+ 24. Kh1 Qh3 25. Rg1 Rac8 26. Qf5 Qxf5 27.
exf5 Ne2 28. Ng4 Nxc1 29. Rxc1 Bf4 30. Rxc8 Rxc8 31. Nfe5 Rc7 32. Nxf7 Rxf7 33.
Ne5 Bxe5 34. dxe5 Kf8 35. Bxf7 Kxf7 36. Kg2 g5 37. fxg6+ Kxg6 38. Kg3 Kf5 39.
f4 1-0

[Event "37. Copenhagen Open (Politiken Cup)"]
[Site "Elsinore"]
[Date "2015.07.25"]
[Round "1"]
[White "Bach, Matthias"]
[Black "Marthedal, Anton Mehmet Yildiz"]
[Result "1-0"]
[WhiteElo "2236"]
[BlackElo "1811"]
[PlyCount "61"]
[EventDate "2015.07.25"]
[EventType "swiss"]
[EventRounds "10"]
[EventCountry "DEN"]
[Source "ChessBase"]
[SourceDate "2015.09.14"]

1. f4 d5 2. Nf3 Nf6 3. b3 e6 4. Bb2 Bd6 5. e3 Qe7 6. Be2 O-O 7. O-O b6 8. Nc3
Ba3 9. Bxa3 Qxa3 10. Ne5 Bb7 11. Rf3 Nc6 12. Rh3 a6 13. Bd3 g6 14. Qe1 Kg7 15.
Qh4 h5 16. Rg3 Ne7 17. Qg5 h4 18. Ng4 Nxg4 19. Rxg4 Rh8 20. Qe5+ f6 21. Qxc7 f5
22. Rg5 Bc6 23. Qxb6 h3 24. Qd4+ Kf7 25. Ne2 Bb5 26. Bxb5 axb5 27. Qe5 hxg2 28.
Nd4 Qa6 29. Rxg2 Rag8 30. a4 b4 31. Nf3 1-0

[Event "37. Copenhagen Open (Politiken Cup)"]
[Site "Elsinore"]
[Date "2015.07.25"]
[Round "1"]
[White "Birkestrand, Odd Helge"]
[Black "Jepsen, Thomas Tange"]
[Result "0-1"]
[WhiteElo "1698"]
[BlackElo "2115"]
[PlyCount "64"]
[EventDate "2015.07.25"]
[EventType "swiss"]
[EventRounds "10"]
[EventCountry "DEN"]
[Source "ChessBase"]
[SourceDate "2015.09.14"]

1. e4 c6 2. d4 d5 3. e5 Bf5 4. Nf3 e6 5. Be2 Nd7 6. O-O Ne7 7. Nbd2 c5 8. c3
Nc6 9. Nb3 c4 10. Nbd2 Be7 11. Re1 O-O 12. Nf1 b5 13. Ng3 Bg6 14. Bd2 a5 15.
Qc1 Nb6 16. Bd1 b4 17. Bc2 Bxc2 18. Qxc2 a4 19. Qc1 a3 20. cxb4 axb2 21. Qxb2
Na4 22. Qc2 Nxb4 23. Bxb4 Bxb4 24. Re3 Qa5 25. Nh5 Be7 26. Ne1 g6 27. Nf6+ Bxf6
28. exf6 Qb6 29. Qd1 Rfb8 30. Rh3 Qb2 31. Nc2 Nc3 32. Qc1 Ne2+ 0-1

[Event "37. Copenhagen Open (Politiken Cup)"]
[Site "Elsinore"]
[Date "2015.07.25"]
[Round "1"]
[White "Bjerre, Jonas Buhl"]
[Black "Fossan, Benjamin"]
[Result "1-0"]
[WhiteElo "2083"]
[BlackElo "1697"]
[PlyCount "67"]
[EventDate "2015.07.25"]
[EventType "swiss"]
[EventRounds "10"]
[EventCountry "DEN"]
[Source "ChessBase"]
[SourceDate "2015.09.14"]

1. e4 c5 2. Nf3 g6 3. d4 cxd4 4. Nxd4 Bg7 5. c4 Nc6 6. Be3 Nf6 7. Nc3 Ng4 8.
Qxg4 Nxd4 9. Qd1 e5 10. Bd3 O-O 11. O-O d6 12. Qd2 Be6 13. Rad1 Qd7 14. b3 Rad8
15. Bxd4 exd4 16. Ne2 Rfe8 17. Bb1 f5 18. exf5 Bxf5 19. Bxf5 Qxf5 20. Nxd4 Qh5
21. Nf3 Re6 22. Ng5 Re5 23. f4 Rf5 24. h3 Qh4 25. Qe3 Rf6 26. g3 Qh5 27. Rd5
Qh6 28. Qe7 Rdf8 29. Re1 Kh8 30. Re6 Rf5 31. Rxf5 Rxf5 32. Nf7+ Rxf7 33. Qxf7
Bd4+ 34. Kg2 1-0

[Event "37. Copenhagen Open (Politiken Cup)"]
[Site "Elsinore"]
[Date "2015.07.25"]
[Round "1"]
[White "Bjorneboe, Kristian"]
[Black "Tenold, Andreas"]
[Result "1-0"]
[WhiteElo "2015"]
[BlackElo "1423"]
[PlyCount "67"]
[EventDate "2015.07.25"]
[EventType "swiss"]
[EventRounds "10"]
[EventCountry "DEN"]
[Source "ChessBase"]
[SourceDate "2015.09.14"]

1. d4 e6 2. Nd2 Nf6 3. Ngf3 d5 4. e3 Bd6 5. Bd3 Nbd7 6. O-O O-O 7. Re1 Nb6 8.
e4 dxe4 9. Nxe4 Nxe4 10. Rxe4 c5 11. Rh4 f5 12. Bg5 Be7 13. Bxe7 Qxe7 14. dxc5
Qxc5 15. Qe2 h6 16. Re1 Bd7 17. Ne5 Rfe8 18. Nxd7 Nxd7 19. Bb5 Qe7 20. Rd4 Red8
21. Qxe6+ Qxe6 22. Rxe6 Nf6 23. Red6 Rxd6 24. Rxd6 Rc8 25. c3 a6 26. Ba4 Ne4
27. Bb3+ Kf8 28. Rd7 Nc5 29. Rf7+ Ke8 30. Rxg7 Nxb3 31. Rg8+ Kd7 32. Rxc8 Kxc8
33. axb3 Kd7 34. Kf1 1-0

[Event "37. Copenhagen Open (Politiken Cup)"]
[Site "Elsinore"]
[Date "2015.07.25"]
[Round "1"]
[White "Boukhris, Yacine"]
[Black "Fjellengen, Bard"]
[Result "1-0"]
[WhiteElo "2163"]
[BlackElo "1749"]
[PlyCount "51"]
[EventDate "2015.07.25"]
[EventType "swiss"]
[EventRounds "10"]
[EventCountry "DEN"]
[Source "ChessBase"]
[SourceDate "2015.09.14"]

1. e4 e5 2. Nf3 Nc6 3. Bc4 Be7 4. d4 exd4 5. Nxd4 Nf6 6. Nc3 O-O 7. O-O Ne5 8.
Be2 d6 9. f4 Ng6 10. Be3 Re8 11. h3 Bf8 12. Bd3 c5 13. Nf3 a6 14. e5 dxe5 15.
fxe5 Nd7 16. Ng5 Ndxe5 17. Qh5 h6 18. Nxf7 Qh4 19. Bxg6 Qxh5 20. Bxh5 g6 21.
Nd5 Be6 22. Nf6+ Kxf7 23. Nxe8+ Kxe8 24. Bf4 gxh5 25. Bxe5 Rd8 26. Rae1 1-0

[Event "37. Copenhagen Open (Politiken Cup)"]
[Site "Elsinore"]
[Date "2015.07.25"]
[Round "1"]
[White "Bredeli, Havard Iversen"]
[Black "Thomsen, Kim"]
[Result "0-1"]
[WhiteElo "1346"]
[BlackElo "1997"]
[PlyCount "78"]
[EventDate "2015.07.25"]
[EventType "swiss"]
[EventRounds "10"]
[EventCountry "DEN"]
[Source "ChessBase"]
[SourceDate "2015.09.14"]

1. d4 Nf6 2. Nf3 e6 3. c4 d5 4. Nc3 c6 5. e3 Be7 6. c5 O-O 7. Be2 Nbd7 8. O-O
Re8 9. a3 Bf8 10. b4 e5 11. b5 e4 12. Nd2 Re6 13. f3 exf3 14. Nxf3 Ne8 15. a4
g6 16. Bd3 Bg7 17. e4 Nxc5 18. Ng5 Re7 19. e5 Nxd3 20. Qxd3 h6 21. Nf3 Bf5 22.
Qd2 Nc7 23. bxc6 bxc6 24. Nh4 Be4 25. Nxe4 dxe4 26. Qe3 Rd7 27. Nxg6 fxg6 28.
Qxe4 Rxd4 29. Qxg6 Qe8 30. Qg3 Qd7 31. Bxh6 Rg4 32. Qb3+ Nd5 33. Bxg7 Qxg7 34.
Kh1 Re8 35. Ra2 Qxe5 36. Qb7 Rf4 37. Qb1 Re6 38. Ra1 Rh6 39. a5 Rxf1+ 0-1

[Event "37. Copenhagen Open (Politiken Cup)"]
[Site "Elsinore"]
[Date "2015.07.25"]
[Round "1"]
[White "Brendel, Bergit"]
[Black "Biasi, Grace"]
[Result "1/2-1/2"]
[WhiteElo "2086"]
[BlackElo "1649"]
[PlyCount "62"]
[EventDate "2015.07.25"]
[EventType "swiss"]
[EventRounds "10"]
[EventCountry "DEN"]
[Source "ChessBase"]
[SourceDate "2015.09.14"]

1. e4 c5 2. Nf3 d6 3. d4 cxd4 4. Nxd4 Nf6 5. Nc3 g6 6. Be3 Bg7 7. f3 O-O 8. Qd2
Nc6 9. Bc4 Bd7 10. O-O-O Rc8 11. Bb3 Ne5 12. Bg5 Nc4 13. Bxc4 Rxc4 14. e5 dxe5
15. Ndb5 a6 16. Bxf6 Bxf6 17. Qxd7 Qxd7 18. Rxd7 axb5 19. Nxb5 Rfc8 20. c3 b6
21. Re1 Rb4 22. Rc7 Rxc7 23. Nxc7 Rh4 24. h3 e6 25. Re4 Kf8 26. Rxh4 Bxh4 27.
Kd2 Ke7 28. Kd3 Kd7 29. Nb5 Bf2 30. Ke4 Kc6 31. a4 Bg3 1/2-1/2

[Event "37. Copenhagen Open (Politiken Cup)"]
[Site "Elsinore"]
[Date "2015.07.25"]
[Round "1"]
[White "Brobakken, Jorgen"]
[Black "Thor, Gudmundur Sverrir"]
[Result "0-1"]
[WhiteElo "1521"]
[BlackElo "2032"]
[PlyCount "56"]
[EventDate "2015.07.25"]
[EventType "swiss"]
[EventRounds "10"]
[EventCountry "DEN"]
[Source "ChessBase"]
[SourceDate "2015.09.14"]

1. d4 Nf6 2. f4 c5 3. c3 b6 4. e3 Bb7 5. Nf3 d6 6. Bd3 Nbd7 7. Nbd2 Ng4 8. Qe2
Qc7 9. Ng5 Ngf6 10. Bc4 d5 11. Bb5 a6 12. Bd3 h6 13. Ngf3 g5 14. g3 Ne4 15. Ne5
Ndf6 16. Nxe4 dxe4 17. Bc4 e6 18. Rf1 Bg7 19. f5 b5 20. Bxb5+ axb5 21. Qxb5+
Ke7 22. fxe6 Ba6 23. Nc6+ Kxe6 24. Qxc5 Bxf1 25. d5+ Kd7 26. Qe7+ Kc8 27. Kxf1
Ra6 28. Qb4 Nxd5 0-1

[Event "37. Copenhagen Open (Politiken Cup)"]
[Site "Elsinore"]
[Date "2015.07.25"]
[Round "1"]
[White "Brunello, Sabino"]
[Black "Rasmussen, Morten Fredsgaard"]
[Result "1-0"]
[WhiteElo "2539"]
[BlackElo "1932"]
[PlyCount "37"]
[EventDate "2015.07.25"]
[EventType "swiss"]
[EventRounds "10"]
[EventCountry "DEN"]
[Source "ChessBase"]
[SourceDate "2015.09.14"]

1. d4 d5 2. c4 c6 3. Nf3 Nf6 4. e3 e6 5. Nbd2 Nbd7 6. Bd3 a6 7. b3 e5 8. dxe5
Ng4 9. Bb2 Qe7 10. cxd5 cxd5 11. O-O Ngxe5 12. Be2 Qd6 13. Rc1 Be7 14. e4 O-O
15. Nd4 dxe4 16. Nxe4 Qg6 17. Ng3 Rd8 18. Ndf5 Nc6 19. Rxc6 1-0

[Event "37. Copenhagen Open (Politiken Cup)"]
[Site "Elsinore"]
[Date "2015.07.25"]
[Round "1"]
[White "Carlstedt, Jonathan"]
[Black "Naesborg, Jens Ole"]
[Result "1-0"]
[WhiteElo "2460"]
[BlackElo "1900"]
[PlyCount "77"]
[EventDate "2015.07.25"]
[EventType "swiss"]
[EventRounds "10"]
[EventCountry "DEN"]
[Source "ChessBase"]
[SourceDate "2015.09.14"]

1. c4 f5 2. g3 e5 3. Bg2 Nc6 4. Nc3 Nf6 5. e3 g6 6. Nge2 d6 7. O-O Bg7 8. d3
O-O 9. Rb1 a6 10. b4 Ne7 11. f4 Qe8 12. Qd2 h6 13. Bb2 g5 14. b5 a5 15. Ba3 Kh8
16. b6 c5 17. Nb5 Qd8 18. Nc7 Rb8 19. Qxa5 e4 20. Rfd1 Nc6 21. Qd2 Qe7 22. Nc3
gxf4 23. N3d5 Qf7 24. Nxf4 Ne5 25. Nb5 Rd8 26. Bb2 Nh5 27. dxe4 Nxc4 28. Bxg7+
Kxg7 29. Nxh5+ Qxh5 30. Qc3+ Ne5 31. Rxd6 Re8 32. Nc7 Re7 33. Ne6+ Bxe6 34.
Qxe5+ Kf7 35. Rxe6 Rxe6 36. Qxb8 Qe2 37. Qxb7+ Kf6 38. Rf1 Qxe3+ 39. Kh1 1-0

[Event "37. Copenhagen Open (Politiken Cup)"]
[Site "Elsinore"]
[Date "2015.07.25"]
[Round "1"]
[White "Christensen, Bo Garner"]
[Black "Zakariassen, Tom"]
[Result "1/2-1/2"]
[WhiteElo "2215"]
[BlackElo "1798"]
[PlyCount "71"]
[EventDate "2015.07.25"]
[EventType "swiss"]
[EventRounds "10"]
[EventCountry "DEN"]
[Source "ChessBase"]
[SourceDate "2015.09.14"]

1. e4 c5 2. Nf3 Nc6 3. a3 g6 4. Bc4 Bg7 5. O-O e6 6. Re1 d6 7. c3 Nge7 8. d4
O-O 9. b4 b6 10. Bf4 Bb7 11. d5 Ne5 12. Bxe5 dxe5 13. dxe6 f6 14. Qb3 Qc7 15.
Bd5 Nxd5 16. exd5 c4 17. d6 cxb3 18. dxc7 Rac8 19. Nbd2 Rxc7 20. c4 Re8 21.
Rab1 Rxe6 22. Nd4 Re8 23. N4xb3 Rd8 24. a4 f5 25. f3 Rcd7 26. Re2 Bh6 27. Rb2
Bg7 28. Rc2 Rc7 29. a5 Rdc8 30. axb6 axb6 31. c5 Bd5 32. Nc4 bxc5 33. Nxc5 e4
34. fxe4 Bd4+ 35. Kh1 Bxc5 36. bxc5 1/2-1/2

[Event "37. Copenhagen Open (Politiken Cup)"]
[Site "Elsinore"]
[Date "2015.07.25"]
[Round "1"]
[White "Christiansen, Johan Sebastian"]
[Black "Jarlnaes, Erik"]
[Result "1-0"]
[WhiteElo "2409"]
[BlackElo "1892"]
[PlyCount "53"]
[EventDate "2015.07.25"]
[EventType "swiss"]
[EventRounds "10"]
[EventCountry "DEN"]
[Source "ChessBase"]
[SourceDate "2015.09.14"]

1. c4 Nf6 2. g3 g6 3. Bg2 Bg7 4. Nf3 d5 5. cxd5 Nxd5 6. d4 O-O 7. O-O c6 8. e4
Nb6 9. h3 N8d7 10. Nc3 c5 11. d5 Nc4 12. Qe2 Nde5 13. Nxe5 Nxe5 14. f4 Nd7 15.
e5 Nb6 16. a4 Bd7 17. a5 Nc8 18. Be3 b6 19. axb6 Qxb6 20. Ra6 Qb4 21. e6 Be8
22. d6 Bxc3 23. d7 Nb6 24. bxc3 Qc4 25. Qxc4 Nxc4 26. Bxa8 Bxd7 27. exd7 1-0